Guess the One Direction song with no hints #4 - Statistics

General Stats
  • This quiz has been taken 78 times
  • The average score is 165 of 265
Answer Stats
Answer % Correct
a
100%
I
100%
you
97%
an
95%
the
93%
we
89%
and
87%
And
87%
To
87%
to
87%
be
85%
your
82%
When
80%
you're
79%
go
77%
it
77%
It
77%
in
75%
it's
75%
that
75%
for
72%
like
72%
So
72%
this
72%
Could
70%
could
70%
of
70%
(Oh
70%
oh)
70%
Make
69%
make
69%
But
66%
ever
66%
feel
66%
Baby,
64%
her
64%
there
61%
there,
61%
I'll
59%
never
59%
see
59%
alone
57%
was
56%
I've
54%
home
52%
how
52%
same
52%
eyes
51%
heart
51%
last
51%
way
51%
been
49%
light
49%
night
49%
tonight
49%
up
49%
find
48%
let
48%
say
48%
With
48%
with
48%
as
46%
out
46%
You'll
46%
alive
44%
couldn't
44%
take
44%
Wanna
44%
dark
43%
hold
43%
face
41%
good
41%
over
41%
here
39%
somebody
39%
conversation
38%
feeling
38%
little
38%
long
38%
Looking
38%
lost,
38%
saw
38%
something
38%
thought
38%
empty
36%
Still
36%
waiting
36%
enough?
34%
enough
34%
myself
34%
remember
34%
Told
34%
alright
33%
kind
33%
missing
33%
nights
33%
stumbling
33%
being
31%
many
31%
starts
31%
Calling
30%
liked
30%
wake
30%
creep
26%
high
25%
smile
25%
hot
15%
No matching quizzes found
Score Distribution
Percent of People with Each Score
Percentile by Number Answered
Your Score History
You have not taken this quiz